Statistics for Every Joe Cocker song that hit the Billboard hot 100

Click here to take the quiz!

General Stats

  • This quiz has been taken 2 times
  • The average score is 3 of 19

Answer Stats

Peak Chart PositionYearSong% Correct
51975You Are So Beautiful/It's A Sin When You Love Somebody
100%
11982Up Where We Belong
50%
531973Pardon Me Sir
50%
221971High Time We Went/Black-Eyed Blues
50%
681968With A Little Help From My Friends
50%
961990What Are You Doing With A Fool Like Me
0%
911986Shelter Me
0%
691969Delta Lady
0%
691984Edge of a Dream
0%
561973Woman To Woman
0%
431978Fun Time
0%
461974Put Out The Light
0%
331972Feeling Alright
0%
301970She Came In Through The Bathroom Window
0%
271972Midnight Rider
0%
111970Cry Me A River
0%
111990When The Night Comes
0%
71970The Letter
0%
971981I'm So Glad I'm Standing Here Today
0%

Score Distribution

Percentile by Number Answered

Percent of People with Each Score

Your Score History

You have not taken this quiz